| 000 | 01134nam a2200325Ia 4500 | ||
|---|---|---|---|
| 005 | 20250425161742.0 | ||
| 008 | 250425s9999 xx 000 0 und d | ||
| 020 | _a9701702646 | ||
| 041 | _aspa | ||
| 043 | _amx | ||
| 082 | _a519 | ||
| 100 | _aWALPOLE, RONALD E. | ||
| 245 | 0 | _aPROBABILIDAD Y ESTADÍSTICA PARA INGENIEROS | |
| 250 | _a6A ED. | ||
| 260 | _aMEXICO | ||
| 260 |
_aMéxico _bPRENTICE-HALL HISPANOAMERICANA, S.A. _c1999 |
||
| 300 | _a739 | ||
| 500 | _aTítulo Traducido: PROBABILITY AND STATISTICS FOR ENGINEERS AND SCIENTISTS | ||
| 520 | _aEN ESTE TEXTO SE DESTACA LA TEORIA ESTADISTICA Y SE HACE UN ENFASIS APROPIADO EN EL ANALISIS DE DATOS, EL CALCULO ESTADISTICO Y LA MEJORA DE LA CALIDAD.CONTIENE: INTRODUCCION A LA ESTADISTICA Y EL ANALISIS DE DATOS. PROBABILIDAD. VARIABLES ALEATORIAS Y | ||
| 650 | _aANALISIS DE REGRESION | ||
| 650 | _aANALISIS ESTADISTICO | ||
| 650 | _aESTADISTICAS-MATEMATICAS | ||
| 650 | _aMUESTREO | ||
| 650 | _aPROBABILIDAD | ||
| 700 | _aMYERS, RAYMOND H. | ||
| 700 | _aMYERS, SHARON L. | ||
| 700 |
_aRICARDO RUIZ _etraductor |
||
| 942 | _c01 | ||
| 010 | _a27610 | ||
| 999 |
_c215392 _d215392 |
||